000 00555nam a22001937a 4500
999 _c527794
_d527794
003 NUST
005 20190809053059.0
008 190809b ||||| |||| 00| 0 eng d
038 _aMr. Noman
082 _a658
100 _aSohail, Marvi
_919233
245 _aThe Impact of Foreign Institutional Ownership on Investment Efficiency /
_cMarvi Sohail.
260 _aIslamabad:
_bNBS - NUST.
_c2018.
300 _a37 p.: ill,;
_c30cm.
500 _aHardcover.
650 _aMBA Thesis.
_917629
700 _aDR. Rehman u.Mian.
_919234
942 _2ddc
_cTHE